| 000 | 00451nam a2200205Ia 4500 | ||
|---|---|---|---|
| 001 | 11940 | ||
| 003 | GE_BSU | ||
| 008 | 181216s||||||||xx |||||||||||||| ||und|| | ||
| 020 | _a0552135763 | ||
| 040 | _cGE_BSU | ||
| 080 | _a821.111-32 | ||
| 100 | _aCookson,Catherine. | ||
| 245 | 4 | _aThe black candle | |
| 260 | _aGreat Britain. | ||
| 260 | _bCorgi Books. | ||
| 260 | _c1990. | ||
| 300 | _a606p;18cm. | ||
| 653 | _aThe black candle | ||
| 942 | _cBK | ||
| 999 |
_c45117 _d45117 |
||